Recent advances in TPD research (Record no. 53103)

MARC details
000 -LEADER
fixed length control field 00322nam a2200109Ia 4500
100 ## - MAIN ENTRY--AUTHOR NAME
Personal name Krishnakumar R
245 #0 - TITLE STATEMENT
Title Recent advances in TPD research
260 ## - PUBLICATION, DISTRIBUTION, ETC. (IMPRINT)
Name of publisher IRRDB International Rubber Conference, 27-29 October 2009, Bogor, Indonesia
700 ## - ADDED ENTRY--PERSONAL NAME
Personal name Jacob J
942 ## - ADDED ENTRY ELEMENTS (KOHA)
Koha item type Bibliography STAF
Holdings
Withdrawn status Lost status Damaged status Not for loan Home library Current library Date acquired Koha item type
      Bibliography RRII Library RRII Library 09/04/2014 Bibliography STAF